| 000 | 00910cam a2200253M 4500 | ||
|---|---|---|---|
| 001 | 6817 | ||
| 003 | BD-RjUL | ||
| 005 | 20211208234323.0 | ||
| 008 | 140112r1955uuuuenka 001 0 eng d | ||
| 035 | _a(BDjRUL)6859 | ||
| 040 |
_aREB _cREB _dOCLCQ _dMYG _beng |
||
| 041 | _aeng | ||
| 082 |
_a501 _bBRS 1955 |
||
| 100 | 1 |
_aBraithwaite, R. B. _q(Richard Bevan) _919182 |
|
| 245 | 1 | 0 |
_aScientific explanation : _ba study of the function of theory, probability and law in science / _cRichard Bevan Braithwaite ; based upon the Tarner lectures, 1946. |
| 260 |
_aCambridge : _bCambridge U.P., _c1955. |
||
| 300 |
_axi, 375 p. : _billus. ; _c21 cm. |
||
| 504 | _aIncludes bibliographical references and index. | ||
| 650 | 0 |
_aScience _xMethodology. _919912 |
|
| 730 | 0 |
_aTarner lectures. _921695 |
|
| 942 |
_2ddc _cBK |
||
| 949 | 0 |
_ax _bRSC _cHDC _o0 _p39080024276815 _x15 _yHDC ITEM _hQ175.B7845 1955 |
|
| 999 |
_c6817 _d6817 |
||